[Event "Guernsey op 46th"]
[Site "St James"]
[Date "2022.10.18"]
[Round "3"]
[White "Simons, Sebastiaan"]
[Black "Frijling, Jeroen"]
[Result "1-0"]
[WhiteElo "1771"]
[BlackElo "1669"]
[PlyCount "77"]
[EventDate "2022.10.16"]
[EventType "swiss"]
[EventRounds "7"]
[EventCountry "GCI"]
[SourceTitle "EXT 2024"]
[Source "ChessBase"]
[SourceDate "2023.10.10"]
[SourceVersion "1"]
[SourceVersionDate "2023.10.10"]
[SourceQuality "1"]

1. e4 c5 2. Nf3 Nc6 3. d4 cxd4 4. Nxd4 e5 5. Nb5 d6 6. c4 Be7 7. N1c3 a6 8. Na3 f5 9. exf5 Bxf5 10. Bd3 Be6 11. Nc2 Nf6 12. Ne3 0-0 13. 0-0 Nd4 14. Ned5 Nxd5 15. Nxd5 Bxd5 16. cxd5 Bg5 17. Qh5 h6 18. Bxg5 Qxg5 19. Qxg5 hxg5 20. h3 Rac8 21. Rac1 Kf7 22. f3 Kf6 23. Kf2 Nf5 24. Bxf5 Kxf5 25. Ke3 Rc5 26. Rxc5 dxc5 27. a4 b5 28. axb5 axb5 29. Ra1 Kf6 30. Ra6+ Ke7 31. Re6+ Kd7 32. Rxe5 Kd6 33. Rxg5 Rc8 34. Kd3 c4+ 35. Kd4 b4 36. Rg6+ Kd7 37. Rc6 c3 38. bxc3 b3 39. Rxc8 1-0

[Event "SM-2021-0-00450"]
[Site "LSS email"]
[Date "2021.08.10"]
[Round "?"]
[White "Frijling, Jeroen"]
[Black "Boni, Roberto"]
[Result "1/2-1/2"]
[WhiteElo "2270"]
[BlackElo "2289"]
[PlyCount "55"]
[EventDate "2021.06.18"]
[EventType "tourn (corr)"]
[EventRounds "6"]
[EventCountry "GER"]
[SourceTitle "Corr 2024"]
[Source "ChessBase"]
[SourceDate "2023.10.19"]
[SourceVersion "1"]
[SourceVersionDate "2023.10.19"]
[SourceQuality "1"]

1. d4 d5 2. c4 c6 3. Nf3 Nf6 4. Nc3 e6 5. g3 dxc4 6. Bg2 Nbd7 7. 0-0 b5 8. e4 Bb7 9. e5 Nd5 10. Ng5 h6 11. Nxe6 fxe6 12. Qh5+ Ke7 13. Ne4 Qe8 14. Bg5+ hxg5 15. Qxh8 Kd8 16. Nxg5 Kc8 17. a4 Nc7 18. Ne4 Kb8 19. Qh3 Nb6 20. Nd6 Qd8 21. axb5 Nxb5 22. Qxe6 Nxd6 23. exd6 Qxd6 24. Qf7 Qe7 25. Qf4+ Qd6 26. Qf7 Qe7 27. Qf4+ Qd6 28. Qf7 1/2-1/2

[Event "SM-2021-0-00450"]
[Site "LSS email"]
[Date "2021.08.10"]
[Round "?"]
[White "Frijling, Jeroen"]
[Black "Goreczny, Grzegorz"]
[Result "1/2-1/2"]
[WhiteElo "2270"]
[BlackElo "2256"]
[PlyCount "65"]
[EventDate "2021.06.18"]
[EventType "tourn (corr)"]
[EventRounds "6"]
[EventCountry "GER"]
[SourceTitle "Corr 2024"]
[Source "ChessBase"]
[SourceDate "2023.10.19"]
[SourceVersion "1"]
[SourceVersionDate "2023.10.19"]
[SourceQuality "1"]

1. e4 c6 2. d4 d5 3. e5 c5 4. Nf3 cxd4 5. Nxd4 Nc6 6. c4 e6 7. Nc3 Bc5 8. Nxc6 bxc6 9. cxd5 exd5 10. Bd3 Ne7 11. 0-0 Bf5 12. Na4 Bb6 13. Bg5 Qd7 14. Bxe7 Bxd3 15. Qxd3 Qxe7 16. Rac1 0-0 17. Rxc6 Qxe5 18. Nxb6 axb6 19. Qb1 Qb8 20. Rfc1 g6 21. h4 Rd8 22. h5 Qe5 23. hxg6 hxg6 24. Re1 Qg5 25. Rxb6 d4 26. Rb3 Qd5 27. Rd1 Re8 28. Rh3 Rxa2 29. Rhd3 Re4 30. Rxd4 Rxd4 31. Rxd4 Qxd4 32. Qxa2 Qd1+ 33. Kh2 1/2-1/2

[Event "SM-2021-0-00450"]
[Site "LSS email"]
[Date "2021.08.10"]
[Round "?"]
[White "Nicolaescu, Nicolae"]
[Black "Frijling, Jeroen"]
[Result "1/2-1/2"]
[WhiteElo "2152"]
[BlackElo "2270"]
[PlyCount "66"]
[EventDate "2021.06.18"]
[EventType "tourn (corr)"]
[EventRounds "6"]
[EventCountry "GER"]
[SourceTitle "Corr 2024"]
[Source "ChessBase"]
[SourceDate "2023.10.19"]
[SourceVersion "1"]
[SourceVersionDate "2023.10.19"]
[SourceQuality "1"]

1. d4 Nf6 2. c4 c6 3. Nf3 d5 4. Nc3 dxc4 5. a4 Bf5 6. Ne5 Nbd7 7. Nxc4 Qc7 8. g3 e5 9. dxe5 Nxe5 10. Bf4 Nfd7 11. Bg2 g5 12. Ne3 gxf4 13. Nxf5 0-0-0 14. Qc2 Kb8 15. 0-0 fxg3 16. hxg3 h5 17. e3 Nf6 18. Rfd1 Bb4 19. Rac1 Rxd1+ 20. Rxd1 Nfg4 21. Ne4 a5 22. Rd4 f6 23. Nd2 Qh7 24. Be4 h4 25. Nxh4 Qg7 26. Bg2 Nxe3 27. fxe3 Qxg3 28. Nf1 Qg5 29. Qf2 Bc5 30. Re4 Nd3 31. Qd2 Ne5 32. Qf2 Nd3 33. Qd2 Ne5 1/2-1/2

[Event "SM-2021-0-00446"]
[Site "LSS email"]
[Date "2021.06.12"]
[Round "?"]
[White "Frijling, Jeroen"]
[Black "Misericordia, Antonio"]
[Result "1/2-1/2"]
[WhiteElo "2274"]
[BlackElo "2312"]
[PlyCount "87"]
[EventDate "2021.03.25"]
[EventType "tourn (corr)"]
[EventRounds "6"]
[EventCountry "GER"]
[SourceTitle "Corr 2024"]
[Source "ChessBase"]
[SourceDate "2023.10.19"]
[SourceVersion "1"]
[SourceVersionDate "2023.10.19"]
[SourceQuality "1"]

1. e4 e6 2. d4 d5 3. Nc3 Nf6 4. e5 Nfd7 5. f4 c5 6. Nf3 Nc6 7. Be3 Be7 8. Qd2 a6 9. dxc5 Nxc5 10. 0-0-0 Qa5 11. Kb1 b5 12. Bd3 Bd7 13. Nd4 Nxd4 14. Bxd4 b4 15. Ne2 0-0 16. g4 Nxd3 17. cxd3 Qa4 18. b3 Qb5 19. Rhg1 a5 20. f5 f6 21. Qe3 fxe5 22. Bxe5 Qa6 23. fxe6 Qxe6 24. Nf4 Qf7 25. g5 d4 26. Qxd4 Bf5 27. h4 Rfd8 28. Qc4 Qxc4 29. bxc4 Bc5 30. Rge1 Rd7 31. Nd5 Re8 32. h5 Rf7 33. Kc1 Bf2 34. Rf1 Bh3 35. g6 Rf3 36. d4 Bxf1 37. Rxf1 hxg6 38. hxg6 Be3+ 39. Nxe3 Rxe3 40. Kd2 Ra3 41. Rf7 Re6 42. Rxg7+ Kf8 43. Rf7+ Kg8 44. Rg7+ 1/2-1/2

[Event "SM-2021-0-00444"]
[Site "LSS email"]
[Date "2021.05.05"]
[Round "?"]
[White "Frijling, Jeroen"]
[Black "Tornow, Michael"]
[Result "1/2-1/2"]
[WhiteElo "2274"]
[BlackElo "2261"]
[PlyCount "60"]
[EventDate "2021.02.18"]
[EventType "tourn (corr)"]
[EventRounds "6"]
[EventCountry "GER"]
[SourceTitle "Corr 2024"]
[Source "ChessBase"]
[SourceDate "2023.10.19"]
[SourceVersion "1"]
[SourceVersionDate "2023.10.19"]
[SourceQuality "1"]

1. d4 Nf6 2. c4 e6 3. g3 d5 4. Bg2 Be7 5. Nf3 0-0 6. 0-0 dxc4 7. Qc2 a6 8. a4 Bd7 9. Qxc4 Bc6 10. Bg5 Bd5 11. Qc2 Be4 12. Qc1 h6 13. Bxf6 Bxf6 14. Rd1 a5 15. Nbd2 Bxf3 16. Bxf3 c6 17. Nc4 Na6 18. Qd2 Nb4 19. h4 Qc7 20. e3 c5 21. dxc5 Qxc5 22. Nd6 Rab8 23. Rac1 Qb6 24. Nb5 Rfd8 25. Qe2 Rxd1+ 26. Rxd1 Rd8 27. b3 Na6 28. Rc1 g6 29. h5 g5 30. Rc4 Nb4 1/2-1/2

[Event "SM-2021-0-00444"]
[Site "LSS email"]
[Date "2021.05.04"]
[Round "?"]
[White "Frijling, Jeroen"]
[Black "Dorer, Manfred"]
[Result "1/2-1/2"]
[WhiteElo "2274"]
[BlackElo "2316"]
[PlyCount "86"]
[EventDate "2021.02.18"]
[EventType "tourn (corr)"]
[EventRounds "6"]
[EventCountry "GER"]
[SourceTitle "Corr 2024"]
[Source "ChessBase"]
[SourceDate "2023.10.19"]
[SourceVersion "1"]
[SourceVersionDate "2023.10.19"]
[SourceQuality "1"]

1. e4 c5 2. Nf3 d6 3. d4 cxd4 4. Nxd4 Nf6 5. Nc3 a6 6. Be3 e5 7. Nb3 Be6 8. Be2 Be7 9. Qd3 0-0 10. 0-0 Nbd7 11. Nd5 Bxd5 12. exd5 Rc8 13. c4 Ne8 14. a4 f5 15. a5 g6 16. Bh6 Rf7 17. Qe3 Ng7 18. Nd2 f4 19. Qh3 Nf5 20. Bg4 Kh8 21. Kh1 Rc7 22. b3 Nc5 23. Rab1 Nxh6 24. Qxh6 f3 25. Nxf3 Rf4 26. Be6 Qf8 27. Qxf8+ Rxf8 28. Rfe1 Kg7 29. Kg1 Rb8 30. Nd2 Bg5 31. Ne4 Nxe4 32. Rxe4 Bd2 33. g3 b5 34. axb6 Rxb6 35. Kg2 h5 36. h4 Bc3 37. c5 Rxc5 38. b4 Rcb5 39. Rc4 Bd2 40. Rb3 Rb7 41. Bc8 Rxb4 42. Rcxb4 Rxb4 43. Rxb4 Bxb4 1/2-1/2

[Event "SM-2021-0-00444"]
[Site "LSS email"]
[Date "2021.05.01"]
[Round "?"]
[White "Frijling, Jeroen"]
[Black "Oliveira, Diogo"]
[Result "1/2-1/2"]
[WhiteElo "2274"]
[BlackElo "2220"]
[PlyCount "66"]
[EventDate "2021.02.18"]
[EventType "tourn (corr)"]
[EventRounds "6"]
[EventCountry "GER"]
[SourceTitle "Corr 2024"]
[Source "ChessBase"]
[SourceDate "2023.10.19"]
[SourceVersion "1"]
[SourceVersionDate "2023.10.19"]
[SourceQuality "1"]

1. d4 Nf6 2. c4 e6 3. g3 Bb4+ 4. Bd2 Be7 5. Bg2 d5 6. Nf3 0-0 7. 0-0 c6 8. Qc2 Nbd7 9. Rd1 b6 10. b3 Ba6 11. a4 Qc8 12. Na3 Bb7 13. b4 Ne4 14. Be1 f5 15. Qb3 Bd6 16. Qb2 Qb8 17. e3 a6 18. Rdc1 g5 19. c5 Bc7 20. cxb6 Bxb6 21. Nd2 g4 22. Nxe4 fxe4 23. Nc2 Qe8 24. b5 axb5 25. Bb4 c5 26. dxc5 Bxc5 27. axb5 Rxa1 28. Rxa1 Qf7 29. Rf1 Rc8 30. h4 Bxb4 31. Nxb4 Qf6 32. Qb1 Qe7 33. Rd1 Ne5 1/2-1/2

[Event "CP-2020-S-00004"]
[Site "LSS email"]
[Date "2020.02.03"]
[Round "?"]
[White "Frijling, Jeroen"]
[Black "Zolendowski, Cesary"]
[Result "1/2-1/2"]
[WhiteElo "2336"]
[BlackElo "2350"]
[PlyCount "116"]
[EventDate "2020.02.03"]
[EventType "tourn (corr)"]
[EventRounds "7"]
[EventCountry "GER"]
[SourceTitle "Corr 2022"]
[Source "ChessBase"]
[SourceDate "2021.10.24"]
[SourceVersion "1"]
[SourceVersionDate "2021.10.24"]
[SourceQuality "1"]

1. d4 d5 2. c4 e6 3. Nf3 c6 4. g3 Nf6 5. Bg2 b6 6. 0-0 Be7 7. Qc2 0-0 8. b3 Nbd7 9. Rd1 Ba6 10. Nbd2 Rc8 11. e4 c5 12. exd5 exd5 13. Bb2 Re8 14. Nf1 b5 15. cxd5 Nxd5 16. dxc5 Rxc5 17. Qd2 Bb7 18. Ba3 b4 19. Bxb4 Nxb4 20. Qxb4 Qc7 21. Qf4 Qxf4 22. gxf4 Nf8 23. Ne3 Ng6 24. Ne1 Ba6 25. b4 Rcc8 26. Nd5 Bf8 27. a4 Be2 28. Rdc1 Bd6 29. f5 Nh4 30. f6 Rc4 31. Rxc4 Bxc4 32. Ne7+ Kh8 33. Bc6 Rb8 34. Nf3 gxf6 35. Nxh4 Bxe7 36. b5 Rg8+ 37. Ng2 Bd8 38. Kh1 Ba5 39. Ne3 Bd3 40. Rc1 f5 41. Bf3 Re8 42. h3 f4 43. Nc4 Re1+ 44. Rxe1 Bxe1 45. Bd5 Bxf2 46. Kg2 Be1 47. Kf3 Kg7 48. Kxf4 Bf1 49. Kf3 Kf6 50. h4 h5 51. Ne3 Bh3 52. Ng2 Bg4+ 53. Kf4 Bd2+ 54. Ne3 Be2 55. Bb3 Bd3 56. Bd1 Bg6 57. Be2 Ke6 58. Kf3 f6 1/2-1/2

[Event "CP-2019-Q-00006"]
[Site "LSS email"]
[Date "2019.11.27"]
[Round "?"]
[White "Elski, Marek"]
[Black "Frijling, Jeroen"]
[Result "1-0"]
[WhiteElo "2015"]
[BlackElo "2289"]
[PlyCount "83"]
[EventDate "2019.12.01"]
[EventType "tourn (corr)"]
[EventRounds "6"]
[EventCountry "GER"]
[SourceTitle "Corr 2022"]
[Source "ChessBase"]
[SourceDate "2021.10.24"]
[SourceVersion "1"]
[SourceVersionDate "2021.10.24"]
[SourceQuality "1"]

1. e4 c5 2. Nf3 Nc6 3. d4 cxd4 4. Nxd4 e5 5. Nb5 d6 6. N1c3 a6 7. Na3 Be7 8. Nc4 b5 9. Ne3 Nf6 10. g3 h5 11. Bg2 h4 12. 0-0 Rb8 13. Ncd5 Nxd5 14. Nxd5 Be6 15. a4 b4 16. Be3 hxg3 17. hxg3 Bg5 18. f4 exf4 19. gxf4 Bh4 20. Qd3 a5 21. Rad1 Bg4 22. Qa6 Ne7 23. Nxe7 Bxe7 24. Rd5 Be6 25. Rd4 Qc8 26. Qd3 Bh3 27. f5 Qd7 28. Rc4 Rc8 29. Rxc8+ Qxc8 30. c3 Bxg2 31. Kxg2 Qc6 32. cxb4 Qxa4 33. b5 Qb4 34. b3 Rh4 35. Rf4 Rh5 36. Qd5 Bg5 37. Bb6 Bd8 38. Bf2 a4 39. bxa4 Rg5+ 40. Kf1 Qb1+ 41. Be1 Bb6 42. Qc6+ 1-0

[Event "CP-2019-S-00001"]
[Site "LSS email"]
[Date "2019.02.09"]
[Round "?"]
[White "Misericordia, Antonio"]
[Black "Frijling, Jeroen"]
[Result "1/2-1/2"]
[WhiteElo "2367"]
[BlackElo "2285"]
[PlyCount "90"]
[EventDate "2019.02.15"]
[EventType "tourn (corr)"]
[EventRounds "7"]
[EventCountry "GER"]
[SourceTitle "Corr 2022"]
[Source "ChessBase"]
[SourceDate "2021.10.24"]
[SourceVersion "1"]
[SourceVersionDate "2021.10.24"]
[SourceQuality "1"]

1. g3 d5 2. Nf3 c5 3. Bg2 Nc6 4. d4 Nf6 5. 0-0 e6 6. c4 dxc4 7. Qa4 Bd7 8. Qxc4 b5 9. Qc3 b4 10. Qd3 Rc8 11. dxc5 Bxc5 12. Be3 Bxe3 13. Qxe3 0-0 14. Nbd2 Qe7 15. Rfd1 Rfd8 16. Nb3 a5 17. Qc5 a4 18. Qxe7 Nxe7 19. Nbd4 h5 20. Ne5 Be8 21. h3 Rd6 22. Ndf3 Rxd1+ 23. Rxd1 h4 24. gxh4 Nfd5 25. Nd3 Bb5 26. Nfe1 Bxd3 27. Nxd3 Rc2 28. Kf1 a3 29. Nxb4 Rxb2 30. Bxd5 Nxd5 31. Nxd5 exd5 32. Rxd5 Rxa2 33. Ra5 Ra1+ 34. Kg2 Kh7 35. Ra6 f6 36. Ra5 Re1 37. Kf3 Ra1 38. Ra8 Kg6 39. e3 Ra2 40. Ra5 Kh6 41. Kg2 Ra1 42. Kg3 Ra2 43. Ra6 Ra1 44. Ra8 Kg6 45. Ra5 Ra2 1/2-1/2

[Event "CP-2018-Q-00003"]
[Site "LSS email"]
[Date "2018.11.28"]
[Round "?"]
[White "Belanoff, Stuart B"]
[Black "Frijling, Jeroen"]
[Result "1-0"]
[WhiteElo "2238"]
[BlackElo "2295"]
[PlyCount "183"]
[EventDate "2018.12.01"]
[EventType "tourn (corr)"]
[EventRounds "6"]
[EventCountry "GER"]
[SourceTitle "Corr 2022"]
[Source "ChessBase"]
[SourceDate "2021.10.24"]
[SourceVersion "1"]
[SourceVersionDate "2021.10.24"]
[SourceQuality "1"]

1. d4 Nf6 2. Nf3 d5 3. c4 c6 4. e3 Bf5 5. Nc3 e6 6. Nh4 Bg6 7. Nxg6 hxg6 8. Bd3 dxc4 9. Bxc4 Nbd7 10. h3 Be7 11. 0-0 Qc7 12. Bd2 Nb6 13. Bb3 0-0-0 14. Qf3 g5 15. Rfe1 Kb8 16. Rad1 Nbd5 17. e4 Nf4 18. e5 N6d5 19. Bxd5 exd5 20. Bxf4 gxf4 21. Qxf4 f6 22. Rc1 fxe5 23. Rxe5 Qd6 24. Qe3 Bf6 25. Re6 Qb4 26. Rd1 Ka8 27. b3 Rd6 28. Re8+ Rxe8 29. Qxe8+ Rd8 30. Qe3 Qd6 31. g3 Rh8 32. Kg2 Qd7 33. g4 Re8 34. Qd3 Bh4 35. Ne2 Qf7 36. Rf1 Bd8 37. Qd2 Qf6 38. Ng1 Re4 39. Nf3 a6 40. Re1 Bc7 41. Qc3 Qd6 42. a4 Kb8 43. Kf1 Qh6 44. Ne5 Rxe1+ 45. Kxe1 Qf4 46. Kf1 Qh2 47. Ke2 Ka8 48. b4 Qf4 49. Qe3 Qf8 50. Nd3 Qf6 51. f4 a5 52. bxa5 Bxa5 53. Kf3 Bc7 54. Nc5 g6 55. a5 Ka7 56. Nd7 Qh4 57. Kg2 Qd8 58. Ne5 c5 59. Nxg6 c4 60. Ne5 Bxa5 61. Qa3 Ka6 62. g5 Qb6 63. g6 c3 64. g7 Qb2+ 65. Qxb2 cxb2 66. g8Q b1Q 67. Qe6+ Ka7 68. Qxd5 Be1 69. Qc5+ b6 70. Qa3+ Kb7 71. Kf3 Qh7 72. Ke2 Bh4 73. Qf3+ Ka7 74. f5 Qh8 75. Qd5 Qh5+ 76. Nf3 Bf6 77. Qd7+ Ka6 78. Qa4+ Kb7 79. Qd7+ Ka6 80. d5 Qh8 81. Qa4+ Kb7 82. Qc6+ Ka7 83. h4 Bd8 84. d6 Kb8 85. Qd7 Qg8 86. Kf2 Qa2+ 87. Kg3 Qg8+ 88. Kh3 Qh8 89. Kg4 Qg8+ 90. Kh3 Qh8 91. Kh2 Bf6 92. Qc7+ 1-0